| 000 | 00843cam a2200217 i 4500 | ||
|---|---|---|---|
| 005 | 20171212141633.0 | ||
| 008 | 050517s1986 un a | |00| ||rus|c | ||
| 035 | _azz2005786131 | ||
| 039 | 9 |
_a201702201043 _bkopilwa _c201607131000 _dkoppw _c201501130119 _dVLOAD _c201501120154 _dVLOAD _y200505171105 _zpl |
|
| 040 |
_aLUBL 64/EG _cLUBL 64/EG _dLUBL 64/MJ |
||
| 245 | 0 | 0 |
_aÈlektronika i radiofizika millimetrovyh i submillimetrovyh radiovoln / _cpod obŝej red. A. Â. Usikova ; [avt. A. Â. Usikov et al.]. |
| 260 |
_aKiev : _bNaukova Dumka, _c1986. |
||
| 300 |
_a365 s. : _bil. ; _c23 cm. |
||
| 504 | _aBibliogr. s. 339-[362]. | ||
| 546 | _bAlfabet cyryl. | ||
| 700 | 1 | _aUsikov, Aleksandr Âkovlevič. | |
| 959 | _aLUBL_64 | ||
| 961 | _aWA_310 WA_72 | ||
| 979 | _aBSTOK_U | ||
| 999 |
_aVIRTUA10 _c18354 _d18354 |
||
| 999 | _aVTLSSORT0080*0350*0400*0410*2450*2600*3000*5040*5460*7000*9992 | ||